MARC details
| 000 -CABECERA |
| campo de control de longitud fija |
00855cam a2200241 a 4500 |
| 001 - NÚMERO DE CONTROL |
| campo de control |
000008248 |
| 005 - FECHA Y HORA DE LA ÚLTIMA TRANSACCIÓN |
| campo de control |
20200929161323.0 |
| 008 - DATOS DE LONGITUD FIJA--INFORMACIÓN GENERAL |
| campo de control de longitud fija |
870602q1964 cu b 000 e spa |
| 040 ## - FUENTE DE LA CATALOGACIÓN |
| Centro catalogador/agencia de origen |
DO-SdBNP |
| Lengua de catalogación |
spa |
| Centro/agencia transcriptor |
BNPHU |
| 082 ## - NÚMERO DE LA CLASIFICACIÓN DECIMAL DEWEY |
| Número de clasificación |
A868.42 |
| Número de documento/Ítem |
M385a |
| 049 ## - FONDOS LOCALES (OCLC) |
| Fondos de biblioteca |
BNGR |
| 100 1# - ENTRADA PRINCIPAL--NOMBRE DE PERSONA |
| Nombre de persona |
Martínez Estrada, Ezequiel, |
| Fechas asociadas al nombre |
1895-1964. |
| 9 (RLIN) |
2854 |
| 245 10 - MENCIÓN DE TÍTULO |
| Título |
Antología / |
| Mención de responsabilidad, etc. |
Ezequiel Martínez Estrada ; edición César Ramos. |
| 260 ## - PUBLICACIÓN, DISTRIBUCIÓN, ETC. |
| Lugar de publicación, distribución, etc. |
La Habana, Cuba : |
| Nombre del editor, distribuidor, etc. |
Casa de las Américas, |
| Fecha de publicación, distribución, etc. |
[1964]. |
| 300 ## - DESCRIPCIÓN FÍSICA |
| Extensión |
xx, 415, [28] p. ; |
| Dimensiones |
19 cm. |
| 490 1# - MENCIÓN DE SERIE |
| Mención de serie |
Literatura latinoamericana |
| Designación de volumen o secuencia |
115 |
| 504 ## - NOTA DE BIBLIOGRAFÍA, ETC. |
| Nota de bibliografía, etc. |
Incluye la bibliografía de Ezequiel Martínez Estrada (p. 413-415) |
| 650 #4 - PUNTO DE ACCESO ADICIONAL DE MATERIA--TÉRMINO DE MATERIA |
| Término de materia o nombre geográfico como elemento de entrada |
Literatura argentina |
| 9 (RLIN) |
3860 |
| 650 #4 - PUNTO DE ACCESO ADICIONAL DE MATERIA--TÉRMINO DE MATERIA |
| Término de materia o nombre geográfico como elemento de entrada |
Poesía argentina |
| 9 (RLIN) |
3859 |
| 650 #4 - PUNTO DE ACCESO ADICIONAL DE MATERIA--TÉRMINO DE MATERIA |
| Término de materia o nombre geográfico como elemento de entrada |
Prosa argentina |
| 9 (RLIN) |
21196 |
| 700 1# - PUNTO DE ACCESO ADICIONAL--NOMBRE DE PERSONA |
| Nombre de persona |
Ramos, César, |
| Término indicativo de función/relación |
ed. |
| 9 (RLIN) |
13341 |
| 830 #0 - PUNTO DE ACCESO ADICIONAL DE SERIE-TÍTULO UNIFORME |
| Título uniforme |
Literatura latinoamericana ; |
| Número de parte o sección de la obra |
115 |
| 9 (RLIN) |
22368 |